header

Russian peacekeeping strategies in the CIS (Record no. 123504)

MARC details
000 -LEADER
fixed length control field 01449nam a2200337 a 4500
082 04 - DEWEY DECIMAL CLASSIFICATION NUMBER
Classification number 355/.031/0947
100 1# - MAIN ENTRY--AUTHOR NAME
Personal name Lynch, Dov,
245 10 - TITLE STATEMENT
Title Russian peacekeeping strategies in the CIS
260 ## - PUBLICATION, DISTRIBUTION, ETC. (IMPRINT)
Place of publication Houndmills, Basingstoke, Hampshire ;
-- New York :
Name of publisher Palgrave,
Year of publication 2000.
300 ## - PHYSICAL DESCRIPTION
Number of Pages xi, 265 p.
500 ## - GENERAL NOTE
General note "In association with the Royal Institute of International Affairs, Russia and Eurasia Programme."
650 #0 - SUBJECT ADDED ENTRY--TOPICAL TERM
Topical Term Peacekeeping forces
856 40 - ELECTRONIC LOCATION AND ACCESS
Uniform Resource Identifier http://site.ebrary.com/lib/rucke/Doc?id=2002984

No items available.

© 2026 Rongo University
Contact us: librarian | system librarian | Rongo university